Joueurs passés par le Sporting CP - Mort subite - Statistiques

Statistiques générales
  • Ce quiz a été pris 333 fois
  • Le résultat moyen est 12 sur 20
Answers on the Grid
Answers color-coded by a green-red scale on the quiz's grid according to % correct below.
Viktor Gyökeres
Morten Hjulmand
Manuel Ugarte
Bas Dost
Bruno Fernandes
Raphinha
Nuno Mendes
Nani
Cristiano Ronaldo
Rafael Leão
Ricardo Quaresma
Gelson Martins
João Mário
William Carvalho
Eric Dier
Rui Patrício
Peter Schmeichel
João Moutinho
João Palhinha
Fábio Coentrão
João Félix
Ángel Di María
Dejan Kulusevski
João Cancelo
Deco
Emerson
Fabio Cannavaro
Erling Haaland
Lucas Torreira
Noah Atubolu
Mehdi Taremi
Hiroki Sakai
Bernardo Silva
Diogo Jota
Eusébio
Éder Militão
 
Statistiques - réponses
Réponse % Correct
Cristiano Ronaldo
77%
Viktor Gyökeres
76%
Bruno Fernandes
71%
William Carvalho
71%
Raphinha
65%
Nuno Mendes
64%
Rafael Leão
64%
Nani
63%
Manuel Ugarte
62%
Rui Patrício
62%
Bas Dost
58%
Gelson Martins
58%
Ricardo Quaresma
58%
João Palhinha
56%
Fábio Coentrão
52%
Morten Hjulmand
51%
João Mário
50%
Eric Dier
45%
João Moutinho
40%
Peter Schmeichel
28%
Aucun quiz correspondant
Distribution des résultats
% des personnes avec chaque résultat
Percentile par nombre de réponses
Votre historique - résultats
Vous n’avez pas pris ce quiz